Normal view
MARC view
- Ghulam Mustafa Bismal
Entry Personal Name
001 - CONTROL NUMBER
- control field: 16234
003 - CONTROL NUMBER IDENTIFIER
- control field: NUST
005 - DATE AND TIME OF LATEST TRANSACTION
- control field: 20190702043832.0
008 - FIXED-LENGTH DATA ELEMENTS
- fixed length control field: 190702|| aca||aabn | a|a d
040 ## - CATALOGING SOURCE
- Original cataloging agency: NUST
- Transcribing agency: NUST
100 ## - HEADING--PERSONAL NAME
- Personal name: Ghulam Mustafa Bismal
670 ## - SOURCE DATA FOUND
- Source citation: Work cat.: (NUST): Ghulam Mustafa Bismal, Dongay paniyan di chup /, 1985.
